Paesi Equatoriali - Morte Improvvisa - Statistics

Statistiche generali
  • Questo quiz è stato fatto 4.674 volte
  • Il punteggio medio è 4 su 11
Answers on the Grid
Answers color-coded by a green-red scale on the quiz's grid according to % correct below.
Argentina
Australia
Bolivia
Brasile
Cina
Colombia
Ecuador
Gabon
Guinea
India
Indonesia
Kenya
Malawi
Messico
Panama
Repubblica del Congo
Repubblica Democratica
del Congo
Samoa
Sao Tome e Principe
Somalia
Sud Africa
Uganda
Vietnam
Yemen
 
Statistiche sulle risposte
Risposta % Corretto
Brasile
68%
Ecuador
65%
Colombia
41%
Repubblica Democratica
del Congo
41%
Repubblica del Congo
36%
Gabon
32%
Indonesia
29%
Kenya
28%
Sao Tome e Principe
23%
Somalia
21%
Uganda
19%
Nessun quiz corrispondente trovato
Distribuzione punteggi
Percentuale di utenti per punteggio
Percentile per numero di risposta
I tuoi punteggi nel tempo
Non hai fatto questo quiz